| 000 | 01235nam a2200361 a 4500 | ||
|---|---|---|---|
| 999 |
_c7540 _d7540 |
||
| 001 | 991009606969706706 | ||
| 003 | OSt | ||
| 005 | 20211216110827.0 | ||
| 008 | 940131s1993 sp |||||| |00| ||spa|c | ||
| 020 | _a848769974X | ||
| 035 | _a(ES-BaCBU)b12276364-34csuc_network | ||
| 035 | _a(ES-BaCBU).b12276364 | ||
| 035 | _a(ccuc001)b12276364 | ||
| 035 | _a(OCoLC)802853397 | ||
| 040 |
_aES-BaCBU _bcat _cCDMR |
||
| 080 | _a007:33 | ||
| 080 | _a001:330 | ||
| 090 |
_aHB133 _b.M55 1993 |
||
| 090 |
_aHB133 _b.M55 1993 |
||
| 100 | 1 | _aMillán Pereira, Juan Luis. | |
| 245 | 1 | 3 |
_aLa Economía de la información / _cJuan Luis Millán Pereira |
| 260 |
_aMadrid : _bTrotta, _ccop. 1993 |
||
| 300 |
_a163 p. ; _c24 cm |
||
| 504 | _aBibliografia | ||
| 650 | 0 |
_aIndústries culturals _94171 _xAspectes econòmics |
|
| 650 | 0 | 4 |
_aMitjans de comunicació de massa _xAspectes econòmics |
| 650 | 0 | 4 |
_aInformació, Teoria de la _xAspectes econòmics |
| 830 | 0 |
_aEstudios e investigaciones (Trotta) ; _vEconomía |
|
| 830 | 0 |
_aEstructuras y procesos (Trotta). _pEconomía |
|
| 907 |
_a.b12276364 _b17-06-21 _c07-05-08 _d31-01-94 _em _fa _g- _hspa _isp _j3 _k8 |
||
| 908 |
_aUAB _aUB _aUdG _aUdL _aUPC _aUPF _aUVic-UCC _aURL _aGEPA |
||
| 942 |
_2udc _cMON |
||